Steven Universe - Destiny - Lyrics Quiz - Statistics

General Stats
  • This quiz has been taken 10 times
  • The average score is 58 of 62
Answer Stats
Character Lyrics % Correct
and
100%
and
100%
believe
100%
believe
100%
Close
100%
close
100%
destiny?
100%
Greg Universe Do
100%
Do
100%
eyes
100%
I
100%
I
100%
in
100%
in
100%
in
100%
in
100%
me
100%
me,
100%
me?!
100%
the
100%
the
100%
to
100%
to
100%
to
100%
you
100%
you
100%
you
100%
you
100%
you
100%
you
100%
you
100%
your
100%
are
90%
are
90%
are
90%
are
90%
doing
90%
doing
90%
doing
90%
doing
90%
fantasy?
90%
have
90%
here,
90%
here,
90%
here,
90%
it's
90%
leave
90%
oh
90%
rest
90%
so
90%
touch
90%
What
90%
What
90%
What
90%
what
90%
when
90%
could
80%
front
80%
real
80%
right
80%
world?
80%
of
70%
No matching quizzes found
Score Distribution
Percent of People with Each Score
Percentile by Number Answered
Your Score History
You have not taken this quiz